Deeds of gods and heroes (Record no. 1744)

MARC details
000 -LEADER
fixed length control field 01042nam a22003251 4500
001 - CONTROL NUMBER
control field data
005 - DATE AND TIME OF LATEST TRANSACTION
control field 20260322212115.0
008 - FIXED-LENGTH DATA ELEMENTS--GENERAL INFORMATION
fixed length control field data
035 ## - SYSTEM CONTROL NUMBER
System control number 1698885
010 ## - LIBRARY OF CONGRESS CONTROL NUMBER
LC control number 67009329
035 ## - SYSTEM CONTROL NUMBER
-- (DLC) 67009329
040 ## - CATALOGING SOURCE
Original cataloging agency DLC
Transcribing agency DLC
Modifying agency DLC
042 ## - AUTHENTICATION CODE
Authentication code lcac
050 00 - LIBRARY OF CONGRESS CALL NUMBER
Classification number PZ8.1.C873
Item number De
082 00 - DEWEY DECIMAL CLASSIFICATION NUMBER
Classification number 291
100 1# - MAIN ENTRY--PERSONAL NAME
Personal name Creighton, David.
245 10 - TITLE STATEMENT
Title Deeds of gods and heroes
Statement of responsibility, etc. [by] David Creighton.
260 ## - PUBLICATION, DISTRIBUTION, ETC.
Place of publication, distribution, etc. New York,
Name of publisher, distributor, etc. St. Martin's Press
Date of publication, distribution, etc. [1967]
300 ## - PHYSICAL DESCRIPTION
Extent 216 p.
Other physical details illus., map (on lining paper)
Dimensions 22 cm.
336 ## - CONTENT TYPE
Content type term text
Content type code txt
Source rdacontent
337 ## - MEDIA TYPE
Media type term unmediated
Media type code n
Source rdamedia
338 ## - CARRIER TYPE
Carrier type term volume
Carrier type code nc
Source rdacarrier
504 ## - BIBLIOGRAPHY, ETC. NOTE
Bibliography, etc. note Includes bibliographical references.
520 ## - SUMMARY, ETC.
Summary, etc. Examines the mythologies of Greece, Rome, Egypt, Babylon, Troy, North America and Scandinavia.
650 #0 - SUBJECT ADDED ENTRY--TOPICAL TERM
Topical term or geographic name entry element Mythology.
650 #1 - SUBJECT ADDED ENTRY--TOPICAL TERM
Topical term or geographic name entry element Mythology.
906 ## - LOCAL DATA ELEMENT F, LDF (RLIN)
a 7
b cbc
c orignew
d u
e ocip
f 19
g y-gencatlg
991 ## -
-- c-GenColl
-- PZ8.1.C873
-- De
-- 00025745735
-- Copy 1
-- BOOKS
Holdings
Withdrawn status Lost status Damaged status Not for loan Home library Current library Shelving location Date acquired Total checkouts Full call number Barcode Date last seen Price effective from Koha item type
        Fairview Fairview General stacks 22/03/2026   291 LOC-FPL-00029 22/03/2026 22/03/2026 Books